000 00434cam a2200181ua 4500
020 _c12.60
041 _aeng
_h
082 _a824
_bWRI/SP
100 _aSpender, Stephen .
245 _aWriter`s dilemma /
_cStephen spender.
_hTextual Documents
250 _a1 /
_b.
260 _aLondon :
_bOxford University Press ,
_c1961.
300 _a88 ; .
365 _a12.60
504 _a
942 _cBK
999 _c5446
_d5446